<?xml version="1.0" encoding="UTF-8"?>
<record
    xmlns:xsi="http://www.w3.org/2001/XMLSchema-instance"
    xsi:schemaLocation="http://www.loc.gov/MARC21/slim http://www.loc.gov/standards/marcxml/schema/MARC21slim.xsd"
    xmlns="http://www.loc.gov/MARC21/slim">

  <leader>00685nam a22002297a 4500</leader>
  <controlfield tag="005">20250910115818.0</controlfield>
  <controlfield tag="008">250910b        |||||||| |||| 00| 0 eng d</controlfield>
  <datafield tag="020" ind1=" " ind2=" ">
    <subfield code="a">9789348002341</subfield>
  </datafield>
  <datafield tag="040" ind1=" " ind2=" ">
    <subfield code="c">AL</subfield>
  </datafield>
  <datafield tag="041" ind1=" " ind2=" ">
    <subfield code="a">English</subfield>
  </datafield>
  <datafield tag="082" ind1=" " ind2=" ">
    <subfield code="a">348.022</subfield>
    <subfield code="b">TANI</subfield>
  </datafield>
  <datafield tag="100" ind1=" " ind2=" ">
    <subfield code="a">Mahesh Prasad Tandon</subfield>
    <subfield code="9">238481</subfield>
  </datafield>
  <datafield tag="245" ind1=" " ind2=" ">
    <subfield code="a">Interpretation of Statutes and Legislation</subfield>
  </datafield>
  <datafield tag="250" ind1=" " ind2=" ">
    <subfield code="a">13.</subfield>
  </datafield>
  <datafield tag="260" ind1=" " ind2=" ">
    <subfield code="a">Faridabad</subfield>
    <subfield code="b">Allahabad Law Agency</subfield>
    <subfield code="c">2025</subfield>
  </datafield>
  <datafield tag="300" ind1=" " ind2=" ">
    <subfield code="a">LXIV,495p.</subfield>
    <subfield code="b">PB</subfield>
    <subfield code="c">24.5x16 cm</subfield>
  </datafield>
  <datafield tag="365" ind1=" " ind2=" ">
    <subfield code="a">583</subfield>
    <subfield code="b">&#x20B9;412.5</subfield>
    <subfield code="c">&#x20B9;</subfield>
    <subfield code="d">&#x20B9;550.00</subfield>
    <subfield code="e">25%</subfield>
    <subfield code="f">03-09-2025</subfield>
  </datafield>
  <datafield tag="650" ind1=" " ind2=" ">
    <subfield code="a">Interpretation of Constitution</subfield>
    <subfield code="9">238482</subfield>
  </datafield>
  <datafield tag="700" ind1=" " ind2=" ">
    <subfield code="a">Tandon, Rajesh</subfield>
    <subfield code="9">238483</subfield>
  </datafield>
  <datafield tag="700" ind1=" " ind2=" ">
    <subfield code="a">Aggarwal,Nandini</subfield>
    <subfield code="9">238484</subfield>
  </datafield>
  <datafield tag="942" ind1=" " ind2=" ">
    <subfield code="2">ddc</subfield>
    <subfield code="c">BK</subfield>
  </datafield>
  <datafield tag="999" ind1=" " ind2=" ">
    <subfield code="c">240417</subfield>
    <subfield code="d">240417</subfield>
  </datafield>
  <datafield tag="952" ind1=" " ind2=" ">
    <subfield code="0">0</subfield>
    <subfield code="1">0</subfield>
    <subfield code="2">ddc</subfield>
    <subfield code="4">0</subfield>
    <subfield code="7">0</subfield>
    <subfield code="8">Law</subfield>
    <subfield code="a">LL</subfield>
    <subfield code="b">LL</subfield>
    <subfield code="d">2025-09-10</subfield>
    <subfield code="e">MPP House Bengaluru -560009</subfield>
    <subfield code="g">412.50</subfield>
    <subfield code="l">0</subfield>
    <subfield code="o">348.022 TANI</subfield>
    <subfield code="p">LL002408</subfield>
    <subfield code="r">2025-09-10 12:01:05</subfield>
    <subfield code="v">550.00</subfield>
    <subfield code="w">2025-09-03</subfield>
    <subfield code="y">BK</subfield>
  </datafield>
  <datafield tag="952" ind1=" " ind2=" ">
    <subfield code="0">0</subfield>
    <subfield code="1">0</subfield>
    <subfield code="2">ddc</subfield>
    <subfield code="4">0</subfield>
    <subfield code="7">0</subfield>
    <subfield code="8">Law</subfield>
    <subfield code="a">LL</subfield>
    <subfield code="b">LL</subfield>
    <subfield code="d">2025-09-10</subfield>
    <subfield code="e">MPP House Bengaluru -560009</subfield>
    <subfield code="g">412.50</subfield>
    <subfield code="l">0</subfield>
    <subfield code="o">348.022 TANI</subfield>
    <subfield code="p">LL002409</subfield>
    <subfield code="r">2025-09-10 12:01:05</subfield>
    <subfield code="v">550.00</subfield>
    <subfield code="w">2025-09-03</subfield>
    <subfield code="y">BK</subfield>
  </datafield>
  <datafield tag="952" ind1=" " ind2=" ">
    <subfield code="0">0</subfield>
    <subfield code="1">0</subfield>
    <subfield code="2">ddc</subfield>
    <subfield code="4">0</subfield>
    <subfield code="7">0</subfield>
    <subfield code="8">Law</subfield>
    <subfield code="a">LL</subfield>
    <subfield code="b">LL</subfield>
    <subfield code="d">2025-09-20</subfield>
    <subfield code="e">MPP House Bengaluru -560009</subfield>
    <subfield code="g">412.50</subfield>
    <subfield code="l">1</subfield>
    <subfield code="o">348.022 TANI</subfield>
    <subfield code="p">LL002516</subfield>
    <subfield code="r">2026-02-20 13:43:47</subfield>
    <subfield code="s">2026-02-13</subfield>
    <subfield code="v">550.00</subfield>
    <subfield code="w">2025-09-18</subfield>
    <subfield code="y">BK</subfield>
  </datafield>
  <datafield tag="952" ind1=" " ind2=" ">
    <subfield code="0">0</subfield>
    <subfield code="1">0</subfield>
    <subfield code="2">ddc</subfield>
    <subfield code="4">0</subfield>
    <subfield code="7">0</subfield>
    <subfield code="8">Law</subfield>
    <subfield code="a">LL</subfield>
    <subfield code="b">LL</subfield>
    <subfield code="d">2025-09-20</subfield>
    <subfield code="e">MPP House Bengaluru -560009</subfield>
    <subfield code="g">412.50</subfield>
    <subfield code="l">2</subfield>
    <subfield code="o">348.022 TANI</subfield>
    <subfield code="p">LL002517</subfield>
    <subfield code="q">2026-03-31</subfield>
    <subfield code="r">2026-04-01 09:01:35</subfield>
    <subfield code="s">2026-04-01</subfield>
    <subfield code="v">550.00</subfield>
    <subfield code="w">2025-09-18</subfield>
    <subfield code="y">BK</subfield>
  </datafield>
  <datafield tag="952" ind1=" " ind2=" ">
    <subfield code="0">0</subfield>
    <subfield code="1">0</subfield>
    <subfield code="2">ddc</subfield>
    <subfield code="4">0</subfield>
    <subfield code="7">0</subfield>
    <subfield code="8">Law</subfield>
    <subfield code="a">LL</subfield>
    <subfield code="b">LL</subfield>
    <subfield code="d">2025-09-20</subfield>
    <subfield code="e">MPP House Bengaluru -560009</subfield>
    <subfield code="g">412.50</subfield>
    <subfield code="l">1</subfield>
    <subfield code="o">348.022 TANI</subfield>
    <subfield code="p">LL002518</subfield>
    <subfield code="r">2026-02-25 12:19:29</subfield>
    <subfield code="s">2026-02-21</subfield>
    <subfield code="v">550.00</subfield>
    <subfield code="w">2025-09-18</subfield>
    <subfield code="y">BK</subfield>
  </datafield>
  <datafield tag="952" ind1=" " ind2=" ">
    <subfield code="0">0</subfield>
    <subfield code="1">0</subfield>
    <subfield code="2">ddc</subfield>
    <subfield code="4">0</subfield>
    <subfield code="7">0</subfield>
    <subfield code="8">Law</subfield>
    <subfield code="a">LL</subfield>
    <subfield code="b">LL</subfield>
    <subfield code="d">2025-09-20</subfield>
    <subfield code="e">MPP House Bengaluru -560009</subfield>
    <subfield code="g">412.50</subfield>
    <subfield code="l">3</subfield>
    <subfield code="o">348.022 TANI</subfield>
    <subfield code="p">LL002519</subfield>
    <subfield code="r">2026-02-26 14:11:07</subfield>
    <subfield code="s">2026-02-17</subfield>
    <subfield code="v">550.00</subfield>
    <subfield code="w">2025-09-18</subfield>
    <subfield code="y">BK</subfield>
  </datafield>
</record>
